Normal view
MARC view
- Jeter,Debra C / Chaney, Paul ؛ prepared: Elizabeth Stanny
Entry Personal Name
001 - CONTROL NUMBER
- control field: 453
003 - CONTROL NUMBER IDENTIFIER
- control field: JO-AjAnu
005 - DATE AND TIME OF LATEST TRANSACTION
- control field: 20230606070359.0
008 - FIXED-LENGTH DATA ELEMENTS
- fixed length control field: 230606|| aca||aabn | a|a d
040 ## - CATALOGING SOURCE
- Original cataloging agency: JO-AjAnu
- Transcribing agency: JO-AjAnu
100 ## - HEADING--PERSONAL NAME
- Personal name: Jeter,Debra C / Chaney, Paul ؛ prepared: Elizabeth Stanny
670 ## - SOURCE DATA FOUND
- Source citation: Work cat.: (JO-AjAnu)241: Jeter,Debra C / Chaney, Paul ؛ prepared: Elizabeth Stanny, author, Advanced Accounting